Normal view
MARC view
- Chudoba , Bernd
Entry Personal Name
001 - CONTROL NUMBER
- control field: 111418
003 - CONTROL NUMBER IDENTIFIER
- control field: NUST
005 - DATE AND TIME OF LATEST TRANSACTION
- control field: 20230327095551.0
008 - FIXED-LENGTH DATA ELEMENTS
- fixed length control field: 230327|| aca||aabn | a|a d
040 ## - CATALOGING SOURCE
- Original cataloging agency: NUST
- Transcribing agency: NUST
100 ## - HEADING--PERSONAL NAME
- Personal name: Chudoba , Bernd
670 ## - SOURCE DATA FOUND
- Source citation: Work cat.: (NUST): Chudoba , Bernd , Stability and Control of Conventional and Unconventional AirCraft Configuration /, 2001.
